000 00661nam a2200217 a 4500
001 6398
003 CO-ViMGA
008 141112s2004 ck r 000 u spa d
040 _aCO-ViMGA
_bspa
_cCO-ViMGA
082 0 4 _a746.6 V354
100 1 _aVenier, Vilma de
_95152
245 1 0 _aPintura decorativa sobre tela /
_cde Venier Vilma , Ribeiro Nelba , Saltalamacchia de Ruffo Susana
260 _aBuenos Aires :
_bAlbatros,
_c1994
300 _a126 p : il
490 _aCreaciones
650 1 4 _aARTESANIAS
_94191
650 1 4 _aPINTURA DECORATIVA
_95153
650 1 4 _aRibeiro, Nelba
_95154
650 1 4 _aSaltalamanccha de Ruffo, Susana
_95155
942 _2ddc
_cBK
999 _c18368
_d18368